| 000 | 01095nam a22003137a 4500 | ||
|---|---|---|---|
| 003 | CHAP | ||
| 005 | 20220329141631.0 | ||
| 008 | 971013s1984 ar a r 00010 spa d | ||
| 010 | _a71362 | ||
| 011 | _a72334 | ||
| 035 | _a81889 | ||
| 040 | _cCHAP | ||
| 090 | _aFolleto 8723 | ||
| 100 | 0 | 0 |
_aGallacher, Guillermo Marcos. _944330 |
| 245 | 1 | _aActitudes hacia el riesgo; por qué, para qué y cómo medirlas | |
| 260 |
_aBuenos Aires : _bUniversidad de Buenos Aires. Facultad de Agronomía, _c1984 |
||
| 300 |
_a25 p. : _bgráfs. |
||
| 490 | 0 |
_aUniversidad de Buenos Aires. Cátedra de Administración Rural _v; 12 |
|
| 590 |
_aBATCH-UPD _b10 _c20130110 _lUCH01 _h0526 |
||
| 590 |
_aBATCH-UPD _b10 _c20130410 _lUCH01 _h0205 |
||
| 590 |
_aBATCH-UPD _b10 _c20130914 _lUCH01 _h1453 |
||
| 590 |
_aCONVERSION _b10 _c20130109 _lUCH01 _h1339 |
||
| 650 | 1 | 4 |
_aRiesgos. _997403 |
| 650 | 1 | 4 |
_aToma de decisiones. _9113662 |
| 830 | 0 |
_aUniversidad de Buenos Aires. Cátedra de Administración Rural _v; 12 _9116402 |
|
| 901 | _aBK | ||
| 942 | _cFOLL | ||
| 949 |
_aFolleto 8723 _bBC _cFOLL _d-35594 _eTS1 _i81889 _si |
||
| 999 |
_c71362 _d71362 |
||